<?xml version="1.0" encoding="UTF-8"?>
<record
    xmlns:xsi="http://www.w3.org/2001/XMLSchema-instance"
    xsi:schemaLocation="http://www.loc.gov/MARC21/slim http://www.loc.gov/standards/marcxml/schema/MARC21slim.xsd"
    xmlns="http://www.loc.gov/MARC21/slim">

  <leader>00797nam a22002297a 4500</leader>
  <controlfield tag="005">20170123162352.0</controlfield>
  <datafield tag="010" ind1=" " ind2=" ">
    <subfield code="a">A-318630</subfield>
  </datafield>
  <datafield tag="020" ind1=" " ind2=" ">
    <subfield code="c">23.00</subfield>
  </datafield>
  <datafield tag="035" ind1=" " ind2=" ">
    <subfield code="a">A-318630</subfield>
  </datafield>
  <datafield tag="037" ind1=" " ind2=" ">
    <subfield code="b">Cen Lib/Ret</subfield>
  </datafield>
  <datafield tag="040" ind1=" " ind2=" ">
    <subfield code="a">DPL</subfield>
    <subfield code="b">UR</subfield>
  </datafield>
  <datafield tag="082" ind1=" " ind2=" ">
    <subfield code="a">840.8</subfield>
    <subfield code="b">&#x633; &#x62C; &#x627; </subfield>
  </datafield>
  <datafield tag="245" ind1=" " ind2=" ">
    <subfield code="a">/ &#x627;&#x646;&#x62A;&#x62E;&#x627;&#x628; &#x633;&#x62C;&#x627;&#x62F; &#x62D;&#x6CC;&#x62F;&#x631; &#x6CC;&#x644;&#x631;&#x631;&#x645; </subfield>
    <subfield code="c">&#x645;&#x62A;&#x631;&#x628;&#x647; &#x62B;&#x631;&#x6CC;&#x651;&#x627; &#x62D;&#x633;&#x6CC;&#x646;  </subfield>
  </datafield>
  <datafield tag="246" ind1=" " ind2=" ">
    <subfield code="a">Intkhab Sajjad Hedar-ylrram </subfield>
    <subfield code="b">edited by Surayya Husain </subfield>
  </datafield>
  <datafield tag="260" ind1=" " ind2=" ">
    <subfield code="a">&#x644;&#x6A9;&#x6BE;&#x646;&#x648;&#x648;</subfield>
    <subfield code="b">&#x627;&#x62A;&#x631;&#x67E;&#x631;&#x62F;&#x6CC;&#x634; &#x627;&#x631;&#x62F;&#x648; &#x627;&#x6A9;&#x627;&#x62F;&#x645;&#x6CC;</subfield>
  </datafield>
  <datafield tag="270" ind1=" " ind2=" ">
    <subfield code="a">&#x662;&#x666;&#x665;&#x662;/&#x665;&#x665;, &#x67E;&#x6C1;&#x644;&#x6CC; &#x645;&#x646;&#x632;&#x644;, &#x6A9;&#x686;&#x6C1; &#x686;&#x644;&#x646;, &#x62F;&#x631;&#x6CC;&#x627; &#x6AF;&#x646;&#x62C;</subfield>
    <subfield code="b">&#x644;&#x6A9;&#x6BE;&#x646;&#x648;&#x648;</subfield>
  </datafield>
  <datafield tag="300" ind1=" " ind2=" ">
    <subfield code="a">618p.</subfield>
    <subfield code="c">22cm(Hb) </subfield>
  </datafield>
  <datafield tag="650" ind1=" " ind2=" ">
    <subfield code="a">&#x627;&#x631;&#x62F;&#x648; &#x627;&#x62F;&#x628;</subfield>
    <subfield code="x"> </subfield>
    <subfield code="z"> </subfield>
    <subfield code="9">137319</subfield>
  </datafield>
  <datafield tag="650" ind1=" " ind2=" ">
    <subfield code="a">Urdu adab</subfield>
    <subfield code="9">137320</subfield>
  </datafield>
  <datafield tag="700" ind1=" " ind2=" ">
    <subfield code="a">&#x62D;&#x633;&#x6CC;&#x646;&#x60C;  &#x62B;&#x631;&#x6CC;&#x651;&#x627;</subfield>
    <subfield code="9">137321</subfield>
  </datafield>
  <datafield tag="942" ind1=" " ind2=" ">
    <subfield code="2">ddc</subfield>
    <subfield code="c">UR</subfield>
    <subfield code="h">840.8</subfield>
    <subfield code="k">&#x633; &#x62C; &#x627; </subfield>
  </datafield>
  <datafield tag="999" ind1=" " ind2=" ">
    <subfield code="c">109319</subfield>
    <subfield code="d">109319</subfield>
  </datafield>
  <datafield tag="952" ind1=" " ind2=" ">
    <subfield code="0">0</subfield>
    <subfield code="1">0</subfield>
    <subfield code="4">0</subfield>
    <subfield code="7">0</subfield>
    <subfield code="a">L</subfield>
    <subfield code="b">L</subfield>
    <subfield code="d">2016-03-04</subfield>
    <subfield code="e">Cen Lib/Ref</subfield>
    <subfield code="g">23.00</subfield>
    <subfield code="l">0</subfield>
    <subfield code="o">840.8 &#x633; &#x62C; &#x627;</subfield>
    <subfield code="p">A-318630</subfield>
    <subfield code="r">2016-03-04 00:00:00</subfield>
    <subfield code="t">1</subfield>
    <subfield code="v">23.00</subfield>
    <subfield code="w">2016-03-04</subfield>
    <subfield code="y">UR</subfield>
  </datafield>
</record>
